ბათუმის შოთა რუსთაველის სახელმწიფო უნივერსიტეტის ბიბლიოთეკა

Отопление и вентиляция. (ბიბ.ჩანაწერი № 40481)

000 -LEADER
fixed length control field 00737nam a2200229Ia 4500
001 - CONTROL NUMBER
control field 7092
003 - CONTROL NUMBER IDENTIFIER
control field GE_BSU
008 - FIXED-LENGTH DATA ELEMENTS--GENERAL INFORMATION
fixed length control field 181216s||||||||xx |||||||||||||| ||und||
040 ## - CATALOGING SOURCE
Transcribing agency GE_BSU
080 ## - UNIVERSAL DECIMAL CLASSIFICATION NUMBER
Universal Decimal Classification number 696/697(075.8)
100 ## - MAIN ENTRY--PERSONAL NAME
Personal name Богославский,В.Н. Шеглов,В.П. Разумов,Н.Н.
245 ## - TITLE STATEMENT
Title Отопление и вентиляция.
245 ## - TITLE STATEMENT
Remainder of title Учебник для вузов.
245 ## - TITLE STATEMENT
Statement of responsibility, etc. Ред. М.А.Щершукова.
250 ## - EDITION STATEMENT
Edition statement 2-е изд. перераб. и доп.
260 ## - PUBLICATION, DISTRIBUTION, ETC.
Place of publication, distribution, etc. М.
260 ## - PUBLICATION, DISTRIBUTION, ETC.
Name of publisher, distributor, etc. Стройиздат.
260 ## - PUBLICATION, DISTRIBUTION, ETC.
Date of publication, distribution, etc. 1980.
300 ## - PHYSICAL DESCRIPTION
Extent 295стр.с илл.22см.библиогр.:стр.292.
653 ## - INDEX TERM--UNCONTROLLED
Uncontrolled term Отопление и вентиляция.
942 ## - ADDED ENTRY ELEMENTS (KOHA)
Koha item type წიგნი
ეგზემპლარები
Withdrawn status Lost status Damaged status Not for loan Date acquired Barcode Date last seen Price effective from Koha item type
        2018-12-17 11885 2018-12-17 2018-12-17 წიგნი
        2018-12-17 11886 2018-12-17 2018-12-17 წიგნი